Normal view
MARC view
- تاليف كنعان، عبدالله توفيق؛ مراجعة وتدقيق نجم، رائف وآخرون
Entry Personal Name
001 - CONTROL NUMBER
- control field: 31928
003 - CONTROL NUMBER IDENTIFIER
- control field: JO-AjAnu
005 - DATE AND TIME OF LATEST TRANSACTION
- control field: 20230606075354.0
008 - FIXED-LENGTH DATA ELEMENTS
- fixed length control field: 230606|| aca||aabn | a|a d
040 ## - CATALOGING SOURCE
- Original cataloging agency: JO-AjAnu
- Transcribing agency: JO-AjAnu
100 ## - HEADING--PERSONAL NAME
- Personal name: تاليف كنعان، عبدالله توفيق؛ مراجعة وتدقيق نجم، رائف وآخرون
670 ## - SOURCE DATA FOUND
- Source citation: Work cat.: (JO-AjAnu)16395: تاليف كنعان، عبدالله توفيق؛ مراجعة وتدقيق نجم، رائف وآخرون, author, القدس والهاشميون